Регионална библиотека "Любен Каравелов" - Русе

Теория на музикалните елементи (Запис номер 220609)

MARC детайли
000 -Лидер
Контролно поле с фиксирана дължина 01632njm a2200373 c 4500
003 - Код на организацията, давaща контролен номер
Контролно поле BLK
005 - Дата и час на последна редакция
Контролно поле 20240530132159.0
008 - Елементи от данни с фиксирана дължина
fixed length control field 180410b bul||n||s|||||||| n|bulo|
010 ## - Наследен системен номер
LC control number CDD00003078000
040 ## - Източник на каталожния запис
Идентификатор на билиотеката - собственик на записа BLK
041 ## - Код за език
Код за езика на текст/звукозапис или на отделно заглавие Български
Код за езика КДБФ Български
080 ## - УДК
Текстов определител УДК Обща теория на музиката
УДК код - определител по УДК 781
УДК определител (079)(086.76)
УДК - код + определител 781(079)(086.76)
100 ## - Редна дума - Автор
Автор Пръвчева-Дюлгерова, Росица Георгиева
R(LIN) 388695
139 ## - Редно поле
Редна дума Пръвчева-Дюлгерова, Росица Георгиева
Авторски знак Прот - П 92
245 10 - Сведения за заглавието
Заглавие Теория на музикалните елементи
Подзаглавни данни Тестове
Редно поле (дума) Росица Дюлгерова.
Заглавие на том Тестови въпроси и задачи [аудио CD]
257 ## - Страна на издаване
Страна на създаване/издаване България
260 ## - Област на издателските данни
Име на издателя, разпространителя и проч. Нов бълг. унив.
Година на издаване 2007
300 ## - Физическа характеристика
Размери/Мащаб 12 см
380 ## - Жанр
Жанр Изкуство
500 ## - Общи забележки
Забележка Изт. : Етикет ; Загл. екран. - Системни изиствания : Windows, Acrobat Reader. - Към учебник със сигн. Цб М ІІ 11754
590 ## - Забележки на библиотеката, притежаваща документа (RLIN)
Служебно S.N: 84592 от КНИГИ
650 #4 - Допълнително описание по предмет – тема
Основно описание – тема или топоним Музика - теория - учебници за ВУЗ
9 (RLIN) 245641
653 ## - Ключова дума – ненормативна
Ключова дума теория на музиката
653 ## - Ключова дума – ненормативна
Ключова дума тестови задачи
653 ## - Ключова дума – ненормативна
Ключова дума учебници за ВУЗ
760 1# - Описание на основната серия
Редна дума на основното описание Дюлгерова, Росица Георгиева
Място на издаване, издател и година 2007
Заглавие Тестови въпроси и задачи [аудио CD]
852 ## - Местоположение
Форматна сигнатура Цб CD 1783
Част 0
856 4# - Електронен адрес и достъп
Електронен формат pdf - файл
Път до файла /url/
856 4# - Електронен адрес и достъп
Електронен формат pdf - файл
Път до файла /url/
942 ## - АРТИКУЛИ
Вид на библиотечния материал Компактдискове
Скрит в OPAC Не
944 ## - СЪЗДАВАНЕ И РЕДАКЦИЯ на ЗАПИСА
Създаване/Редакция Създаване
Дата на регистрацията/редакция 23.07.2008
Служител, извършил регистрацията/редакцията 30560
Статус, дата на статуса Геновева Генчева
944 ## - СЪЗДАВАНЕ И РЕДАКЦИЯ на ЗАПИСА
Създаване/Редакция Редакция
Дата на регистрацията/редакция 07.04.2009
999 ## - СИСТЕМНИ КОНТРОЛНИ НОМЕРА
Koha biblionumber 220609
Koha biblioitemnumber 220609
999 ## - СИСТЕМНИ КОНТРОЛНИ НОМЕРА
Koha biblioitemnumber 220609
Наличности
Код за отписване Код за изгубен артикул Източник на класификационната схема Код за повреда Коз за рестрикции Код за отдаване Артикулен № Име на библиотеката - собственик Име на библиотеката, в която се намира в момента Статус (Текущо местоположение) Дата на вписване в системата Местоположение - отдел Цена в лева Инвентарен номер Систематично азбучна сигнатура Баркод Номер на екземпляра Цена в евро Служебна бележка Служебен тип на артикула
  Не е изгубен Universal Decimal Classification Не е повреден без рестрикции заемане за дома 392409 Регионална библиотека "Любен Каравелов" Русе Регионална библиотека "Любен Каравелов" Русе Отдел Изкуство - подръчен фонд 2008-07-22 Отдел Изкуство - подръчен фонд 5.00 250000003199 78/П 92 Р 250000003199 1 2.56 Дост: Pk Вид: Ф N: 6001 Дата: 17.07.2008 Компактдискове
  Не е изгубен Universal Decimal Classification Не е повреден без рестрикции заемане за дома 392410 Регионална библиотека "Любен Каравелов" Русе Регионална библиотека "Любен Каравелов" Русе Отдел Изкуство - подръчен фонд 2008-07-22 Отдел Изкуство - подръчен фонд 5.00 250000003200 78/П 92 Р 250000003200 2 2.56 Дост: Pk Вид: Ф N: 6001 Дата: 17.07.2008 Компактдискове
  Не е изгубен   Не е повреден без рестрикции ползва се в читалня 392411 Регионална библиотека "Любен Каравелов" Русе Регионална библиотека "Любен Каравелов" Русе Хранилище 2009-03-12 Хранилище 5.00 250000003665 Цб CD 1783 250000003665 3 2.56 Дост: Dp Вид: Д N: 41 Дата: 24.09.2008 Съставил: Валя_Йорданова Компактдискове
Vip Innovations Ltd, Rousse, Bulgaria 2025